Ciudadanos de las tinieblas / (Record no. 86914)

MARC details
000 -LEADER
campo de control de longitud fija 00549nam a2200193 i 4500
001 - NÚMERO DE CONTROL
campo de control 86914
003 - IDENTIFICADOR DE NÚMERO DE CONTROL
campo de control ES-MaACL
005 - FECHA Y HORA DE LA ÚLTIMA TRANSACCIÓN
campo de control 20230906175542.0
007 - CAMPO FIJO DE DESCRIPCIÓN FÍSICA--INFORMACIÓN GENERAL
campo de control de longitud fija t|
008 - DATOS DE LONGITUD FIJA--INFORMACIÓN GENERAL
campo de control de longitud fija 041216s1976 sp ||||1| spa d
100 1# - ENTRADA PRINCIPAL--NOMBRE DE PERSONA
Nombre de persona Kolosimo, Peter.
9 (RLIN) 68530
245 10 - MENCIÓN DEL TÍTULO
Título Ciudadanos de las tinieblas /
Mención de responsabilidad, etc. Peter Kolosimo ; [traducción de Juan Moreno].
250 ## - MENCION DE EDICION
Mención de edición [2ª ed.].
260 ## - PUBLICACIÓN, DISTRIBUCIÓN, ETC.
Lugar de publicación, distribución, etc. [Barcelona] :
Nombre del editor, distribuidor, etc. Plaza Janés,
Fecha de publicación, distribución, etc. [1976]
300 ## - DESCRIPCIÓN FÍSICA
Extensión 248 p. ;
Dimensiones 22 cm.
700 1# - ENTRADA AGREGADA--NOMBRE PERSONAL
Nombre de persona Moreno, Juan.
9 (RLIN) 182367
852 ## - LOCALIZACIÓN
Ubicación ES-MaACL
Número de control de estantería A-5916
Sublocalización o colección R.94764
Holdings
Estatus retirado Estado de pérdida Estado de daño No para préstamo Biblioteca de origen Biblioteca actual Ubicación en estantería Fecha de adquisición Fuente de adquisición Total de préstamos Signatura topográfica completa Código de barras Visto por última vez Precio de reemplazo Tipo de ítem Koha
        Biblioteca del Ateneo de Madrid Biblioteca del Ateneo de Madrid Sala Pecera Planta 1 17/01/2008     A-5916 1090811 23/02/2023 23/02/2023 Libro impreso